| 000 | 00540pam a2200193 a 4500 | ||
|---|---|---|---|
| 020 |
_a0781746345 _c9751.00 |
||
| 041 |
_aeng _hNULL |
||
| 082 |
_a617.581059 _bDAR/ROS |
||
| 100 | _aBARRACK, R . | ||
| 245 |
_aMASTER TECHNIQUES IN ORTHOPAEDIC SURGERY : THE HIP / _cNULL. _hTextual Documents |
||
| 250 |
_a2 / _b. |
||
| 260 |
_aNULL : _bLIPPINCOTT WILLIAMS & WILKINS , _c2006. |
||
| 300 |
_a485 : _bxvii ; _cNULL . |
||
| 365 | _a9751.00 | ||
| 700 | _aROSENBERG, A . | ||
| 930 | _a1085 | ||
| 999 |
_c795621 _d795621 |
||
| 650 | _aORTHO | ||